| 000 | 00345 a2200121 4500 | ||
|---|---|---|---|
| 005 | 20250403105437.0 | ||
| 082 | _a519 BAC | ||
| 100 | _aBACKHOUSE, J. K. | ||
| 245 | _aStatistics: An Introduction to Tests of Significance | ||
| 260 |
_aLondon, _bLongman, _c1967. |
||
| 300 |
_aix, 197p.: ill.; figure, graph, table. _bIndex. _c22cm. |
||
| 942 |
_2ddc _cBKS |
||
| 999 |
_c1071 _d1071 |
||